00843nam a22002057a 4500003000400000005001700004008004100021017004500062020001800107040001400125100003600139245011300175260002900288300002000317490002500337500011300362942001300475999001500488952013400503OSt20170523171505.0151015s2015 spc|||| |||| 0|0 0 cat|d aDL B 10055-2015bBiblioteca de Catalunya a9788415269304 cCDMRbcat1 aTomas Cabot, Joséd1930-993310aRetorn a casab: dotze anys d'articles a Regió7 (1999-2010) cJosep Tomàs Cabot ; pròleg de Jaume Huch aBerga :bL'Albí,c2015 a269 p. ;c23 cm1 aL'Albí/Idees ;v32 aRecull una selecció d'articles de Josep Tomàs Cabot publicats al diari Regió7 des de 1999 fins al 2010 2udccMON c6894d6894 00104070aCDMRbCDMRd2015-11-20eDonacióg18.00l2m2oDu 6/90pCDMR15110003r2016-02-02s2015-12-21v18.00w2015-11-20yMON